Conferencias teosóficas en América del Sur / (Record no. 132920)

MARC details
000 -LEADER
campo de control de longitud fija 01547nam a2200313 i 4500
001 - NÚMERO DE CONTROL
campo de control 132920
003 - IDENTIFICADOR DE NÚMERO DE CONTROL
campo de control ES-MaACL
005 - FECHA Y HORA DE LA ÚLTIMA TRANSACCIÓN
campo de control 20260114152638.0
007 - CAMPO FIJO DE DESCRIPCIÓN FÍSICA--INFORMACIÓN GENERAL
campo de control de longitud fija t|
008 - DATOS DE LONGITUD FIJA--INFORMACIÓN GENERAL
campo de control de longitud fija 070214s1911 sp |||| | spa d
080 ## - NÚMERO DE LA CLASIFICACIÓN DECIMAL UNIVERSAL
Número de la Clasificación Decimal Universal 141.332
100 1# - ENTRADA PRINCIPAL--NOMBRE DE PERSONA
Nombre de persona Roso de Luna, Mario,
Fechas asociadas al nombre 1872-1931
9 (RLIN) 99794
245 10 - MENCIÓN DEL TÍTULO
Título Conferencias teosóficas en América del Sur /
Mención de responsabilidad, etc. Mario Roso de Luna.
260 ## - PUBLICACIÓN, DISTRIBUCIÓN, ETC.
Lugar de publicación, distribución, etc. Madrid :
Nombre del editor, distribuidor, etc. Librería de Pueyo,
Fecha de publicación, distribución, etc. 1911 (
Fabricante Imp. de F. Moliner)
300 ## - DESCRIPCIÓN FÍSICA
Extensión 2 v. (362, 349 p. :
Otras características físicas 1 retr.) ;
Dimensiones 18 cm.
490 1# - MENCIÓN DE SERIE
Mención de serie Biblioteca teosófica
505 8# - NOTA DE CONTENIDO CON FORMATO
Nota de contenido con formato Contiene: Dedicatoria: A los teosofistas de la América del Sur ; Canto de amor ; El titanismo contemporáneo y la teosofía ; Los tres objetivos de la Sociedad Teosófica ; Religión, leyenda y mito ; Espiritismo, ocultismo y ciencia positiva
530 ## - NOTA DISPONIBLE DE FORMULARIO FÍSICO ADICIONAL
Nota de formato físico adicional disponible Disponible en formato digital.
599 ## - NOTA A LAS ILUSTRACIONES
NOTA A LAS ILUSTRACIONES Retr. de D. Federico W. Fernández, capitán de fragata, retirado, de la Marina argentina y delegado presidencial de la Sociedad Teosófica en América del Sur.
650 #7 - PUNTO DE ACCESO ADICIONAL DE MATERIA--TÉRMINO DE MATERIA
Término de materia o nombre geográfico como elemento de entrada Teosofía
Fuente del encabezamiento o término embne
9 (RLIN) 17478
650 #4 - PUNTO DE ACCESO ADICIONAL DE MATERIA--TÉRMINO DE MATERIA
Término de materia o nombre geográfico como elemento de entrada Espiritismo.
9 (RLIN) 12502
650 #7 - PUNTO DE ACCESO ADICIONAL DE MATERIA--TÉRMINO DE MATERIA
Término de materia o nombre geográfico como elemento de entrada Ocultismo
Fuente del encabezamiento o término embne
9 (RLIN) 15681
830 1# - PUNTO DE ACCESO ADICIONAL DE SERIE-TÍTULO UNIFORME
Título uniforme Biblioteca teosófica
9 (RLIN) 186917
852 ## - LOCALIZACIÓN
Ubicación ES-MaACL
Número de control de estantería D-3579-80
Ubicación en estantería Sala Valle Inclán
856 4# - LOCALIZACIÓN Y ACCESO ELECTRÓNICOS
Identificador Uniforme de Recursos <a href="http://bdh-rd.bne.es/viewer.vm?id=0000248549&page=1 ">http://bdh-rd.bne.es/viewer.vm?id=0000248549&page=1 </a>
Texto de enlace (Biblioteca Digital Hispánica)
856 4# - LOCALIZACIÓN Y ACCESO ELECTRÓNICOS
Identificador Uniforme de Recursos <a href="https://bibliotecavirtualmadrid.comunidad.madrid/bvmadrid_publicacion/es/consulta/registro.do?id=3818">https://bibliotecavirtualmadrid.comunidad.madrid/bvmadrid_publicacion/es/consulta/registro.do?id=3818</a>
Texto de enlace (Biblioteca Digital de la Comunidad de Madrid)
942 ## - ELEMENTOS DE ENTRADA SECUNDARIOS (KOHA)
Fuente del sistema de clasificación o colocación Clasificación decimal universal
Holdings
Estatus retirado Estado de pérdida Estado de daño No para préstamo Colección Biblioteca de origen Biblioteca actual Ubicación en estantería Fecha de adquisición Fuente de adquisición Total de préstamos Signatura topográfica completa Código de barras Visto por última vez Precio de reemplazo Tipo de ítem Koha
        Colección digital Biblioteca del Ateneo de Madrid Biblioteca del Ateneo de Madrid Sala Valle Inclán 17/01/2008     D-3579-80 901138377 23/02/2023 23/02/2023 Libro impreso